Southville International School and Colleges
Your cart is empty.
  • Cart
  • Lists
    Public lists Eva Luna New books Lux_list list_1
    Your lists Log in to create your own lists
  • Log in to your account
  • Your cookies
  • Search history
Southville International School and Colleges
  • Advanced search
  • Recent comments
  • Most popular
  • Libraries

Log in to your account

Log in with GOOGLE


If you do not have an external account, but do have a local account, you can still log in:

  1. Home
  2. MARC view: Aesop's fables /
Normal view MARC view ISBD view

Aesop's fables / (Record no. 292400)

[ view plain ]
MARC details
000 -LEADER
fixed length control field 00696nam a2200217Ia 4500
008 - FIXED-LENGTH DATA ELEMENTS--GENERAL INFORMATION
fixed length control field 160319s9999 xx 000 0 und d
245 ## - TITLE STATEMENT
Title Aesop's fables /
245 ## - TITLE STATEMENT
Statement of responsibility, etc Discovery Channel School.
260 ## - PUBLICATION, DISTRIBUTION, ETC. (IMPRINT)
Place of publication, distribution, etc Philippines:
260 ## - PUBLICATION, DISTRIBUTION, ETC. (IMPRINT)
Name of publisher, distributor, etc Distributed by Magnavision Home Video/Discovery Communications, Inc.,
260 ## - PUBLICATION, DISTRIBUTION, ETC. (IMPRINT)
Date of publication, distribution, etc 2005
300 ## - PHYSICAL DESCRIPTION
Extent 1 videodisc (approximately 50 min.) :
300 ## - PHYSICAL DESCRIPTION
Other physical details digital, sound, color ;
300 ## - PHYSICAL DESCRIPTION
Dimensions 4 3/4 in.
440 ## - SERIES STATEMENT/ADDED ENTRY--TITLE
Title Discovery Channel School. Literature.
500 ## - GENERAL NOTE
General note Language in English.
650 ## - SUBJECT ADDED ENTRY--TOPICAL TERM
Topical term or geographic name as entry element Fables.
700 ## - ADDED ENTRY--PERSONAL NAME
Personal name Aesop., author.
700 ## - ADDED ENTRY--PERSONAL NAME
Personal name Discovery School (Firm), corporate.
700 ## - ADDED ENTRY--PERSONAL NAME
Personal name Magnavision Home Video., corporate.
Holdings
Withdrawn status Lost status Damaged status Home library Current library Date acquired Total Checkouts Barcode Date last seen Price effective from Koha item type
      Stonyhurst Southville International School (Batangas) Stonyhurst Southville International School (Batangas) 03/19/2016   AV-003 03/19/2016 03/19/2016 Audio Visual Materials

Aesop's fables /

APA

Aesop, Discovery School (Firm) c. & Magnavision Home Video.Aesop's fables. Philippines: .

Chicago

Aesop, Discovery School (Firm) corporate and Magnavision Home Video.Aesop's fables. Philippines: .

Harvard

Aesop, Discovery School (Firm) c. and Magnavision Home Video.Aesop's fables. Philippines: .

MLA

Aesop, Discovery School (Firm) corporate and Magnavision Home Video.Philippines: . .

  • Place hold
  • Print
  • Cite
  • Add to your cart (remove)
  • Save record
    BIBTEX Dublin Core MARCXML MARC (non-Unicode/MARC-8) MARC (Unicode/UTF-8) MARC (Unicode/UTF-8, Standard) MODS (XML) RIS
  • More searches
    Search for this title in:
    Other Libraries (WorldCat) Other Databases (Google Scholar) Online Stores (Bookfinder.com) Open Library (openlibrary.org)

Exporting to Dublin Core...

SOUTHVILLE LIBRARY

Southville International School and Colleges Library

1281 Tropical Ave. Cor. Luxembourg St., BF Homes International, Las Pinas City

Tel. No. 8256374 / 252358 Loc. 117/146

Powered by Koha